01149nam a2200193Ia 4500001001100000003001000011008004100021040002500062041001300087100001200100245005400112250001100166260007200177300002700249500026600276501011400542520026600656650003300922L238-10933IT-CnALBA170116s9999||||xx |||||||||||||| ||und|| aIT-CnALBAcIT-CnALBA aITALIANO aAA. VV. 0aSIGNORE DA CHI ANDREMO? CATECHISMO DEGLI ADULTI.  a1a ed. a ROMAbCEI EDIZIONI c1981 [1° Ed.:1981 - Ed.Ling.Originale: 1981] a560 p. (prefazione: 7) aGESÙ MAESTRO. PROFETISMO. SACERDOZIO. REDENZIONE. SIGNORE DELLA CHIESA. SPIRITO SANTO. POPOLO REDENTO. SACRAMENTARIA. CRESCITA DELLA CHIESA. FECONDITÀ DELLA CHIESA. REGNO DI DIO NELLA STORIA. VIRTÙ TEOLOGALI. CRISTIANI UOMINI DI PREGHIERA. COSTRUZIONE DEL aSocietà San Paolo EM - Piazza San Paolo, 14 - 12051 ALBA (CN) (non commercial uses only) ® Copyright 2017 aGESÙ MAESTRO. PROFETISMO. SACERDOZIO. REDENZIONE. SIGNORE DELLA CHIESA. SPIRITO SANTO. POPOLO REDENTO. SACRAMENTARIA. CRESCITA DELLA CHIESA. FECONDITÀ DELLA CHIESA. REGNO DI DIO NELLA STORIA. VIRTÙ TEOLOGALI. CRISTIANI UOMINI DI PREGHIERA. COSTRUZIONE DEL aSIMBOLI DI FEDE - CATECHISMI